000 00589nam a2200181Ia 4500
008 090123s9999 xx 000 0 und d
082 _b12631
_a891.463/देसाई
100 _aदेसाई मृणालिनी
245 _aदिप निर्वाण
250 _a1
260 _bपरिमल प्रकाशन
_c1983
300 _a207
600 _aदेसाई मृणालिनी
630 _aदिप निर्वाण
700 _aदेसाई मृणालिनी
730 _aदिप निर्वाण
942 _cBOOK
999 _c50696
_d50696